Дело по представлению вице-директора о выписке из-за границы танцовщиков Тальони и Фердинанда: 1) записка о том вице-губернатора...

Доступно только в Электронных читальных залах Найти на картеНа карте
RUSMARC
00003748nmc2a22000003x 450
001c2bf8599-6ca9-4e24-a1b0-e20cf5c86d77
00520181005052039.0
100##$a20161216l18171817k l0rusy0189 ca
1010#$arus
102##$aRU
2001#$aДело по представлению вице-директора о выписке из-за границы танцовщиков Тальони и Фердинанда: 1) записка о том вице-губернатора; 2) отношение статс-секретаря Марченко к вице-директору о не соизволении на это государя императора
$j26 февраля - 8 марта 1817 г.
251##$cДело
300##$aДело
801#0$aRU
$bРГИА
$c20161216
$gRCR
801#1$aRU
$bГлавНИВЦ
$c20161216
$2rusmarc
801#2$aRU
$bПБ им. Б.Н. Ельцина
$c20181005
$gRCR
$2rusmarc
850##$aРГИА
852##$aРГИА
$eФедеральное казенное учреждение "Российский государственный исторический архив" (РГИА)
$j1589
937##$hРГИА
$d12236431
$aASBIBLIO_SCAN
462#0$1001dd3991dc-24e1-42ec-8838-ca4255420416
$12001
$a1746-1850 гг.
$1251
$cОпись
$1852
$j1
461#0$10019264ebf8-de62-4f1a-9eb4-9f22098dbbd5
$12001
$aДирекция императорских театров МИДв
$1251
$cФонд
$1852
$j497
215##$a5 л.
$d36,5х26 см
371##$aДокумент не является опубликованным и широко распространяемым
105##$ay###
1222#$ad
035##$ac2bf8599-6ca9-4e24-a1b0-e20cf5c86d77
856##$uhttp://readingroom.main.prlib.ru/item.aspx?id_node=n118941432&mode=full
Формат отображения